000 00544nam a2200181Ia 4500
005 20250326142658.0
008 250326s9999 xx 000 0 und d
037 _aTextbook
040 _aFMSL
_beng
_cFMSL
041 _aeng
_2eng
084 _aB28201 M0
_qFMSL
100 _aMendenhall W
_9736205
245 0 _aSecond course in Business statistics: Regression analysis
_cMendenhall W; Mcclave J T
260 _aCalifornia
_bCalifornia, Dellen
_c1980
300 _a650p
942 _cTB
_hB28201 M0
999 _c1296147
_d1296147